| 000 | 00487cam a22001217a 4500 | ||
|---|---|---|---|
| 008 | 180718b xxu||||| |||| 00| 0 eng d | ||
| 082 | _aR6o3x5452 PL | ||
| 245 |
_aReport on the working of the plantations labour act, 1951 in the state of Madras _cby Department of Industries, Labour and Co-operation |
||
| 260 |
_aMadras _bGovernment of Madras _c |
||
| 300 | _a34p | ||
| 500 | _aContents: Library has 1966, 1959, 1968, 1967 | ||
| 700 | _aChennai Department of Industries, Labour and Co-operation | ||
| 999 |
_c495376 _d495376 |
||